The relevance of Saiva siddhanta philosophy, (Record no. 87781)

MARC details
000 -LEADER
fixed length control field 01042cam a2200253 4500
001 - CONTROL NUMBER
control field sa 68017536
003 - CONTROL NUMBER IDENTIFIER
control field DLC
005 - DATE AND TIME OF LATEST TRANSACTION
control field 20260227112703.0
008 - FIXED-LENGTH DATA ELEMENTS--GENERAL INFORMATION
fixed length control field 710315s1968 ii b 00110 eng
010 ## - LIBRARY OF CONGRESS CONTROL NUMBER
LC control number sa 68017536 //r89
025 ## - OVERSEAS ACQUISITION NUMBER
Overseas acquisition number PL480:I-E-10852
043 ## - GEOGRAPHIC AREA CODE
Geographic area code a-ii---
050 0# - LIBRARY OF CONGRESS CALL NUMBER
Classification number BL1245.S5
Item number M86
100 20 - MAIN ENTRY--PERSONAL NAME
Personal name Murugesa Mudaliar, N.,
Dates associated with a name 1905-
245 14 - TITLE STATEMENT
Title The relevance of Saiva siddhanta philosophy,
Remainder of title being lectures delivered at the Banaras Hindu University and the Allahabad University,
Statement of responsibility, etc. by N. Murugesa Mudaliar. With a foreword by T. M. P. Mahadevan.
260 0# - PUBLICATION, DISTRIBUTION, ETC.
Place of publication, distribution, etc. Annamalainagar,
Name of publisher, distributor, etc. Annamalai University,
Date of publication, distribution, etc. 1968.
300 ## - PHYSICAL DESCRIPTION
Extent x, 241 p.
Dimensions 22 cm.
350 ## - PRICE (NR) (BK AM CF MU VM SE) [OBSOLETE]
Price Rs6.66
490 1# - SERIES STATEMENT
Series statement Sri-la-Sri Arulnaṇdi Sivācārya Swamigal's Sivajñāna Siddhiyār Endowment lectures, 1962-63
504 ## - BIBLIOGRAPHY, ETC. NOTE
Bibliography, etc. note Includes bibliographical references.
650 #0 - SUBJECT ADDED ENTRY--TOPICAL TERM
Topical term or geographic name entry element Śaiva Siddhānta.
650 #0 - SUBJECT ADDED ENTRY--TOPICAL TERM
Topical term or geographic name entry element Philosophy, Indic.
810 2# - SERIES ADDED ENTRY--CORPORATE NAME
Corporate name or jurisdiction name as entry element Annamalai University.
Title of a work Srila-Sri Arulnandi Sivacharya Swamigal Sivagnana Siddhiyar endowment lectures,
Volume/sequential designation 1962-63

No items available.

Powered by Koha